Christianity at the crossroads : (Record no. 11093)
[ view plain ]
| 000 -LEADER | |
|---|---|
| fixed length control field | 01975cam a22003618i 4500 |
| 001 - CONTROL NUMBER | |
| control field | 23933612 |
| 003 - CONTROL NUMBER IDENTIFIER | |
| control field | GBCCL |
| 005 - DATE AND TIME OF LATEST TRANSACTION | |
| control field | 20251204113101.0 |
| 008 - FIXED-LENGTH DATA ELEMENTS--GENERAL INFORMATION | |
| fixed length control field | 241126s2025 enk b 001 0 eng |
| 020 ## - INTERNATIONAL STANDARD BOOK NUMBER | |
| International Standard Book Number | 9781009597432 |
| Qualifying information | (hardback) |
| 020 ## - INTERNATIONAL STANDARD BOOK NUMBER | |
| Canceled/invalid ISBN | 9781009597449 |
| Qualifying information | (ebook) |
| 035 ## - SYSTEM CONTROL NUMBER | |
| System control number | 23933612 |
| 040 ## - CATALOGING SOURCE | |
| Original cataloging agency | DLC |
| Language of cataloging | eng |
| Description conventions | rda |
| Transcribing agency | DLC |
| Modifying agency | DLC |
| 082 00 - DEWEY DECIMAL CLASSIFICATION NUMBER | |
| Classification number | 270 |
| Edition information | 23/eng/20250212 |
| Item number | HEM 1 |
| 100 1# - MAIN ENTRY--PERSONAL NAME | |
| Personal name | Hempton, David, |
| Relator term | author. |
| 245 10 - TITLE STATEMENT | |
| Title | Christianity at the crossroads : |
| Remainder of title | the global church from the print revolution to the digital era / |
| Statement of responsibility, etc. | David N. Hempton, Harvard University. |
| 263 ## - PROJECTED PUBLICATION DATE | |
| Projected publication date | 2506 |
| 264 #1 - PRODUCTION, PUBLICATION, DISTRIBUTION, MANUFACTURE, AND COPYRIGHT NOTICE | |
| Place of production, publication, distribution, manufacture | Cambridge, United Kingdom ; |
| -- | New York, NY, USA : |
| Name of producer, publisher, distributor, manufacturer | Cambridge University Press, |
| Date of production, publication, distribution, manufacture, or copyright notice | 2025. |
| 300 ## - PHYSICAL DESCRIPTION | |
| Extent | 254 pages |
| 336 ## - CONTENT TYPE | |
| Content type term | text |
| Content type code | txt |
| Source | rdacontent |
| 337 ## - MEDIA TYPE | |
| Media type term | unmediated |
| Media type code | n |
| Source | rdamedia |
| 338 ## - CARRIER TYPE | |
| Carrier type term | volume |
| Carrier type code | nc |
| Source | rdacarrier |
| 504 ## - BIBLIOGRAPHY, ETC. NOTE | |
| Bibliography, etc. note | Includes bibliographical references and index. |
| 505 0# - FORMATTED CONTENTS NOTE | |
| Formatted contents note | Towards a theory of transnational religious change -- Religious networks in the Reformation era -- Regligious networks in the age of empire in New Spain and West Africa -- The Protestant international : pietism, premillennialism, and Pentecostalism -- Women's networks : opportunities and limitations -- "Only connect!" : networked Christianity in the digital age. |
| 520 ## - SUMMARY, ETC. | |
| Summary, etc. | "Appreciating how and why Christianity spread throughout the world is vital not only for understanding the past but also for assessing present and future consequences and possibilities. This engaging book, by a preeminent religious historian, is for anyone interested in the connections between religion and other aspects of human culture"-- |
| Assigning source | Provided by publisher. |
| 650 #0 - SUBJECT ADDED ENTRY--TOPICAL TERM | |
| Topical term or geographic name entry element | Church history. |
| 650 #0 - SUBJECT ADDED ENTRY--TOPICAL TERM | |
| Topical term or geographic name entry element | Missions |
| General subdivision | History. |
| 650 #0 - SUBJECT ADDED ENTRY--TOPICAL TERM | |
| Topical term or geographic name entry element | Ecclesiastical geography. |
| 650 #0 - SUBJECT ADDED ENTRY--TOPICAL TERM | |
| Topical term or geographic name entry element | Christianity |
| General subdivision | Forecasting. |
| 906 ## - LOCAL DATA ELEMENT F, LDF (RLIN) | |
| a | 7 |
| b | rip |
| c | orignew |
| d | 1 |
| e | ecip |
| f | 20 |
| g | y-gencatlg |
| 942 ## - ADDED ENTRY ELEMENTS (KOHA) | |
| Source of classification or shelving scheme | Dewey Decimal Classification |
| Koha item type | Books |
| Suppress in OPAC | No |
| Withdrawn status | Lost status | Source of classification or shelving scheme | Damaged status | Not for loan | Home library | Current Library | Shelving location | Date acquired | Total checkouts | Full call number | Barcode | Date last seen | Date last checked out | Copy number | Price effective from | Koha item type |
|---|---|---|---|---|---|---|---|---|---|---|---|---|---|---|---|---|
| Dewey Decimal Classification | GRACE BIBLE COLLEGE | GRACE BIBLE COLLEGE | Church History | 2025-12-04 | 1 | 270 HEM | 017397 | 2026-03-05 | 2026-01-29 | c.1 | 2025-12-04 | Books |